000
00243nam a2200097Ia 4500
005
20250424112842.0
008
250424s9999 xx 000 0 und d
300
_a
72 p. : ill. ; 28 cm.
650
_a
Internal Auditing--Periodicals.
942
_c
SR
999
_c
37504
_d
37504